00673nam a22002177a 45000050016000000080041000160100015000570200026000720350014000980370013001120400013001250820010001381000021001482450136001692600043003052700051003483000033003996000003004326100003004357000017004382011121906566.0111219t xxu||||| |||| 00| 0 eng d aENG-104390 a9788175156128c450.00 aEN -87923 bDBAD/PUB aDPLbEng a621.3 aKarna, Satish K. aTheory, objective questions with detailed solutions in electrical for competitions /cby Satish K. Karna; compiled by Vibha Karna aNew DelhibGalgotia Publicationsc2010 a5, Ansari Road, Darya Ganj,bNew Delhie110002 avi,1158p. :c28cm(pbk)bill.   aKarna, Vibha